000 00700nam a2200217Ii 4500
003 JO-AjNU
008 230605s9999||||xx |||||||||||||| ||und||
017 _a2008/3/817
040 _aJO-AjNU
_bara
_erda
_cJO-AjNU
041 _aara
050 1 4 _aAC106.T33 2008
100 3 _aالطاهات، محمدعبد الله ,
_eauthor
_957551
245 0 0 _aابتسامة في وجة الفجر الجديد
250 _aط1
264 3 1 _aعمان :المولف،2008
300 _a119ص
336 _atext
_btxt
_2rdacontent
337 _aunmediated
_bn
_2rdamedia
338 _avolume
_bnc
_2rdacarrier
650 4 _aالثقافة الجماهرية-منوعات ادبية-الثقافة
_957552
999 _aA25798
_c29366
_d29366